000 00816nam a2200253 a 4500
001 000011217
003 OSt
005 20240412074224.0
008 091015s 2000 dr 000 p spa d
040 _aDO-SdBNP
_bspa
_cBNPHU
082 _aRD861.44
_bR621m
100 1 _aRivera Juliao, Ángel,
_d1951-
_926773
245 1 0 _aMemoria de la sal /
_cÁngel Rivera Juliao ; prólogo Manuel Rueda.
260 _a[Puerto Plata, República Dominicana] :
_bAteneo Insular,
_c2000.
300 _a88 p. ;
_c22 cm.
490 1 _aInsulas Extrañas
590 _aInventariado, 2018/BT
650 0 _aPoesía dominicana
_966
650 0 _aLiteratura dominicana.
_967
700 1 _aRueda, Manuel,
_e1921-1999.
_epról.
_919958
830 0 _aInsulas Extrañas
_926778
910 _aValidado. Control de calidad.
942 _2ddc
_cLBS1
999 _c10936
_d10936